Statistiques concernant Les meilleurs joueurs du monde World Rugby

Cliquez ici pour prendre le quiz!

Statistiques générales

  • Ce quiz a été pris 75 fois
    (14 depuis la dernière actualisation)
  • Le résultat moyen est 11 sur 19

Statistiques - réponses

Années Nationalités Joueurs % Correct
2005Nouvelle-ZélandeDaniel Carter
92%
2012Nouvelle-ZélandeDaniel Carter
92%
2015Nouvelle-ZélandeDaniel Carter
92%
2011FranceThierry Dusautoir
83%
2010Nouvelle-ZélandeRichie MacCaw
75%
2003AngleterreJonny Wilkinson
75%
2018IrlandeJonathan Sexton
75%
2009Nouvelle-ZélandeRichie MacCaw
75%
2006Nouvelle-ZélandeRichie MacCaw
58%
2017Nouvelle-ZélandeBeauden Barrett
50%
2007Afrique du SudBryan Habana
50%
2008Pays de GallesShane Williams
50%
2016Nouvelle-ZélandeBeauden Barrett
50%
2002FranceFabien Galthié
42%
2013Nouvelle-ZélandeKieran Read
33%
2014Nouvelle-ZélandeBrodie Retallick
33%
2001IrlandeKeith Wood
25%
2004Afrique du SudSchalk Burger
25%
2019Afrique du SudPeter-Steph Du Toit
25%

Distribution des résultats

Percentile by Number Answered

% des personnes avec chaque résultat

Votre développement - résultats

Vous n’avez pas pris ce quiz depuis la dernière actualisation